Normal view MARC view

Entry Uniform Title

Number of records used in: 18

001 - CONTROL NUMBER

  • control field: 20895

003 - CONTROL NUMBER IDENTIFIER

  • control field: dpl

005 - DATE AND TIME OF LATEST TRANSACTION

  • control field: 20100921114906.0

008 - FIXED-LENGTH DATA ELEMENTS

  • fixed length control field: 100921|||a|||||| | ||| d

040 ## - CATALOGING SOURCE

  • Original cataloging agency: dpl
  • Transcribing agency: dpl

130 ## - HEADING--UNIFORM TITLE

  • Uniform title: v.1

670 ## - SOURCE DATA FOUND

  • Source citation: Work cat.: (dpl)47169: Dass, Chandan 1184, Ghazal usne chhedi-v.1 /, 1988

670 ## - SOURCE DATA FOUND

  • Source citation: Work cat.: (dpl)47169: Dass, Chandan 1184, Ghazal usne chhedi-v.1 /, 1988

© Delhi Public Library
Hit Counter
free hit counter